000 00271nam a22001337a 4500
003 SGT
020 _a8129100754
082 _a080
_bA03J
100 _aJOSHI, MURLI MANOHAR
245 _aA HUNDRED HUES
260 _bRUPA COMPANY
_c2003
300 _a358
942 _2ddc
_cBK
999 _c31488
_d31488